| 000 | 00878nam0a22002531 4500 | ||
|---|---|---|---|
| 001 | rc\2693788 | ||
| 005 | 20230517160816.0 | ||
| 035 | _a(NLR Aleph) 006821998 | ||
| 090 |
_a6453609 _c6453609 |
||
| 100 | _a20110915d1933 |||y0rusy50 ca | ||
| 101 | 0 | _arus | |
| 102 | _aRU | ||
| 105 | _ay z ||||| | ||
| 200 | 1 |
_aСборник немецких статей по металлургии _fО. Юон _gЛенингр. металлург. ин-т |
|
| 210 |
_aЛенинград _cКубуч _d1933 _g1 тип. изд-ва Ленингр. облисполкома и Совета |
||
| 215 |
_aОбл., тит. л., 239 с. _d25х17 см. |
||
| 300 | _aЛитогр. изд. | ||
| 700 | 1 |
_aЮон _bО. А. _f1887- _gОскар Антонович |
|
| 801 | 0 |
_aRU _bNLR _gpsbo |
|
| 801 | 1 |
_aRU _bELAR _2rusmarc |
|
| 852 |
_aNLR _j33-5/438 |
||
| 942 | _cBOOK | ||
| 980 | _aNB | ||